OPAC Home

දුක දිනා ජයගත් හපන්නු (Record no. 143701)

MARC details
000 -LEADER
fixed length control field 00528nam a22001817a 4500
003 - CONTROL NUMBER IDENTIFIER
control field LK-CoDNM
005 - DATE AND TIME OF LATEST TRANSACTION
control field 20231124112026.0
008 - FIXED-LENGTH DATA ELEMENTS--GENERAL INFORMATION
fixed length control field 231124b |||||||| |||| 00| 0 eng d
020 ## - INTERNATIONAL STANDARD BOOK NUMBER
International Standard Book Number 9789553115669
040 ## - CATALOGING SOURCE
Original cataloging agency LK-CoDNM
Modifying agency LK-CoDNM
Description conventions LK-CoDNM
041 ## - LANGUAGE CODE
Language code of text/sound track or separate title Sinhala; Sinhalese
080 ## - UNIVERSAL DECIMAL CLASSIFICATION NUMBER
Universal Decimal Classification number 92
Item number බස්නා
942 ## - ADDED ENTRY ELEMENTS (KOHA)
Koha item type Books
100 ## - MAIN ENTRY--PERSONAL NAME
Personal name බස්නායක.රාජා.ටී.
Personal name (Transliterated) Basnayaka,Raja.T
245 ## - TITLE STATEMENT
Title දුක දිනා ජයගත් හපන්නු
260 ## - PUBLICATION, DISTRIBUTION, ETC. (IMPRINT)
Place of publication, distribution, etc. Nugegoda
Name of publisher, distributor, etc. Sarasavi
Date of publication, distribution, etc. 2020
300 ## - PHYSICAL DESCRIPTION
Extent 231p;21cm
Holdings
Withdrawn status Lost status Damaged status Not for loan Permanent Location Current Location Date acquired Full call number Barcode Koha item type
        Library National Museum Colombo - Sri Lanka Library National Museum Colombo - Sri Lanka 2023-11-24 92 බස්නා 172326 Books
Copyright © 2023 Department of National Museum, Colombo 07, Sri Lanka Funded by UNESCO IFAP UNESCO